000 00844nam a2200205 a 4500
003 0
005 20250319125844.0
008 110218s19uu xx 00 eng d
050 _aPHS GV 1469.15
_b.Uc1 2009
100 _aUchimura, Rie R.
245 _aThe extent of computer gaming and interpersonal skills among selected upper school students of Southville International School and Colleges /
_cRie R. Uchimura.
260 _aLas PiƱas City, Philippines :
_bSouthville International School and Colles,
_c2009.
300 _a29 pages :
_billustrations ;
_c28 cm.
504 _aIncludes bibliographical references.
650 _aVideo games
_xPsychological aspects.
650 _aVideo games
_xSocial aspects.
650 _aComputer games and teenagers
_xSocial effects.
650 _aInterpersonal skills in adolescence.
942 _2lcc
_cPASS
999 _c98499
_d98499